000 00717cam a22002291 4500
001 f 01002567
003 DLC
005 20260227111243.0
008 890913s1884 fr 000 0 fre
010 _af 01002567
035 _a(OCoLC)23388668
040 _aDLC
_cMiU
_dDLC
050 0 0 _aDS721
_b.C474
100 1 _aTcheng, Ki-tong,
_d1849-1894.
245 1 4 _aLes Chinois peints par eux mêmes,
_cpar le colonel Tcheng ki-tong...
260 _aParis,
_bCalmann Lévy,
_c1884.
300 _a2 p. l., x, 291 p., 1 l.
_bfront. (port.)
_c18 1/2cm.
490 0 _aBibliotheque contemporaine
500 _a"Troisième edition."
651 0 _aChina
_xSocial life and customs
651 0 _aChina
_xPolitics and government
999 _c22866
_d22866